[Event "Novaya Ladoga"]
[Site "Novaya Ladoga"]
[Date "2002.??.??"]
[Round "9"]
[White "Bibik, Jura"]
[Black "Grechihin, Valery"]
[Result "0-1"]
[WhiteElo "2383"]
[BlackElo "2564"]
[PlyCount "74"]
[EventDate "2002.??.??"]
[EventType "tourn"]
[EventRounds "11"]
[EventCountry "RUS"]
[EventCategory "8"]
[SourceTitle "EXT 2003"]
[Source "ChessBase"]
[SourceDate "2002.11.25"]
[SourceVersion "1"]
[SourceVersionDate "2002.11.25"]
[SourceQuality "1"]

1. e4 e6 2. d4 d5 3. exd5 exd5 4. c4 Nf6 5. Nc3 Nc6 6. h3 Be6 7. c5 Be7 8. Nf3 0-0 9. Bb5 Nb8 10. 0-0 c6 11. Bd3 b6 12. cxb6 axb6 13. Qc2 h6 14. Ne5 c5 15. Be3 c4 16. Be2 Qc8 17. g4 Nfd7 18. f4 Nxe5 19. fxe5 Nc6 20. a3 Rd8 21. Rf2 Nxe5 22. Qd2 Ng6 23. Raf1 Nf8 24. Bd1 Ra7 25. Bc2 Rb7 26. Ne2 Re8 27. Rf3 Bh4 28. Ng3 Bxg3 29. Rxg3 f6 30. Kh1 Bf7 31. Bf4 Bg6 32. Bxg6 Nxg6 33. Bxh6 gxh6 34. Qxh6 Rg7 35. Rxf6 Re1+ 36. Kg2 Qe8 37. Rf2 Qe4+ 0-1

[Event "Novaya Ladoga"]
[Site "Novaya Ladoga"]
[Date "2002.??.??"]
[Round "1"]
[White "Grechihin, Valery"]
[Black "Sargsjan, Vardges"]
[Result "1-0"]
[WhiteElo "2564"]
[BlackElo "2337"]
[PlyCount "73"]
[EventDate "2002.??.??"]
[EventType "tourn"]
[EventRounds "11"]
[EventCountry "RUS"]
[EventCategory "8"]
[SourceTitle "EXT 2003"]
[Source "ChessBase"]
[SourceDate "2002.11.25"]
[SourceVersion "1"]
[SourceVersionDate "2002.11.25"]
[SourceQuality "1"]

1. e4 c5 2. Nf3 g6 3. d4 cxd4 4. Nxd4 Nc6 5. Nc3 Bg7 6. Be3 Nf6 7. Be2 0-0 8. f4 d6 9. Nb3 a5 10. a4 Be6 11. 0-0 Rc8 12. f5 Bxb3 13. cxb3 Nb4 14. Bc4 Nd7 15. Qe2 Ne5 16. Bb5 gxf5 17. Rxf5 f6 18. Rd1 Qc7 19. h3 b6 20. Qf2 Rb8 21. Qg3 e6 22. Rf2 Kh8 23. Rfd2 Rfd8 24. Be2 Qc6 25. Bb5 Qc7 26. Kh1 Kg8 27. Rf1 Rf8 28. Qh4 Rbd8 29. Ne2 d5 30. Nf4 Ng6 31. Nxe6 Nxh4 32. Nxc7 dxe4 33. Rxd8 Rxd8 34. Rf4 Rd1+ 35. Kh2 Ng6 36. Bc4+ Kh8 37. Rxe4 1-0

[Event "RUS-ch 53rd"]
[Site "Samara"]
[Date "2000.06.21"]
[Round "5"]
[White "Grechihin, Valery"]
[Black "Utnasunov, Alexander"]
[Result "1/2-1/2"]
[WhiteElo "2521"]
[BlackElo "2175"]
[PlyCount "50"]
[EventDate "2000.06.03"]
[EventType "swiss"]
[EventRounds "11"]
[EventCountry "RUS"]
[SourceTitle "CBM 078"]
[Source "ChessBase"]
[SourceDate "2000.10.18"]
[SourceVersion "1"]
[SourceVersionDate "2000.10.18"]
[SourceQuality "1"]

1. c4 Nf6 2. Nf3 c6 3. b3 d5 4. Bb2 Bf5 5. d3 e6 6. Nbd2 Bd6 7. Qc2 Nbd7 8. e4 dxe4 9. dxe4 Bg6 10. Nh4 Qc7 11. g3 0-0-0 12. Bg2 Bh5 13. Bf3 Bxf3 14. Nhxf3 Ne5 15. 0-0-0 c5 16. Nxe5 Bxe5 17. f4 Bxb2+ 18. Qxb2 Qc6 19. Rhe1 Rd4 20. Qc2 Rhd8 21. e5 Ng4 22. Nf1 Qf3 23. Nd2 Qf2 24. Nf1 Qf3 25. Nd2 Qf2 1/2-1/2